<?xml version="1.0" encoding="UTF-8"?>
<record
    xmlns:xsi="http://www.w3.org/2001/XMLSchema-instance"
    xsi:schemaLocation="http://www.loc.gov/MARC21/slim http://www.loc.gov/standards/marcxml/schema/MARC21slim.xsd"
    xmlns="http://www.loc.gov/MARC21/slim">

  <leader>01133nam a2200169Ia 4500</leader>
  <controlfield tag="008">210323s9999||||xx |||||||||||||| ||und||</controlfield>
  <datafield tag="020" ind1=" " ind2=" ">
    <subfield code="a">0  416  43730  3</subfield>
  </datafield>
  <datafield tag="040" ind1=" " ind2=" ">
    <subfield code="c">STCPL</subfield>
  </datafield>
  <datafield tag="041" ind1=" " ind2=" ">
    <subfield code="h">ENG</subfield>
  </datafield>
  <datafield tag="082" ind1=" " ind2=" ">
    <subfield code="a">822</subfield>
    <subfield code="b">SHA-A</subfield>
  </datafield>
  <datafield tag="100" ind1=" " ind2=" ">
    <subfield code="a">Shaw George Bernard</subfield>
  </datafield>
  <datafield tag="245" ind1=" " ind2="0">
    <subfield code="a">Androcles and the lion</subfield>
  </datafield>
  <datafield tag="260" ind1=" " ind2=" ">
    <subfield code="a">New Delhi</subfield>
    <subfield code="b">Wiley Dreamtech India Pvt. Ltd.</subfield>
    <subfield code="c">1974</subfield>
  </datafield>
  <datafield tag="300" ind1=" " ind2=" ">
    <subfield code="a">P     36  21   CM</subfield>
  </datafield>
  <datafield tag="650" ind1=" " ind2=" ">
    <subfield code="a">English Drama&#xD2D;&#xD3E;&#xD37;&#xD2F;&#xD41;&#xD1F;&#xD46; &#xD09;&#xD32;&#xD4D;&#x200D;&#xD2A;&#xD24;&#xD4D;&#xD24;&#xD3F;, &#xD2D;&#xD3E;&#xD37;&#xD2F;&#xD41;&#xD1F;&#xD46; &#xD2A;&#xD4D;&#xD30;&#xD3E;&#xD27;&#xD3E;&#xD28;&#xD4D;&#xD2F;&#xD02;-&#xD2E;&#xD3E;&#xD24;&#xD43;&#xD2D;&#xD3E;&#xD37;, &#xD2D;&#xD3E;&#xD37;&#xD2F;&#xD41;&#xD02; &#xD1A;&#xD3F;&#xD28;&#xD4D;&#xD24;&#xD2F;&#xD41;&#xD02;, &#xD2D;&#xD3E;&#xD37;&#xD3E;&#xD26;&#xD4D;&#xD27;&#xD4D;&#xD2F;&#xD3E;&#xD2A;&#xD28;&#xD24;&#xD24;&#xD4D;&#xD24;&#xD4D;&#xD35;&#xD19;&#xD4D;&#xD19;&#xD33;&#xD4D;&#x200D;, &#xD2E;&#xD28;&#xD36;&#xD4D;&#xD36;&#xD3E;&#xD38;&#xD4D;&#xD24;&#xD4D;&#xD30;&#xD35;&#xD3F;&#xD1C;&#xD4D;&#xD1E;&#xD3E;&#xD28;&#xD35;&#xD41;&#xD02; &#xD2D;&#xD3E;&#xD37;&#xD2F;&#xD41;&#xD02;, &#xD32;&#xD47;&#xD16;&#xD28;&#xD3E;&#xD2D;&#xD4D;&#xD2F;&#xD3E;&#xD38;&#xD02;, &#xD2A;&#xD15;&#xD30;&#xD4D;&#x200D;&#xD24;&#xD4D;&#xD24;&#xD3F;&#xD2F;&#xD46;&#xD34;&#xD41;&#xD24;&#xD4D;&#xD24;&#xD4D;, &#xD35;&#xD3E;&#xD2F;&#xD28;, &#xD2A;&#xD3E;&#xD20;&#xD2A;&#xD41;&#xD38;&#xD4D;&#xD24;&#xD15;&#xD19;&#xD4D;&#xD19;&#xD33;&#xD4D;&#x200D;, &#xD09;&#xD2A;&#xD2A;&#xD3E;&#xD20;&#xD2A;&#xD41;&#xD38;&#xD4D;&#xD24;&#xD15;&#xD19;&#xD4D;&#xD19;&#xD33;&#xD4D;&#x200D;, &#xD17;&#xD26;&#xD4D;&#xD2F;&#xD2A;&#xD3E;&#xD20;&#xD19;&#xD4D;&#xD19;&#xD33;&#xD4D;&#x200D;, &#xD2A;&#xD26;&#xD4D;&#xD2F;&#xD15;&#xD35;&#xD3F;&#xD24;&#xD3E;&#xD2A;&#xD3E;&#xD20;&#xD19;&#xD4D;&#xD19;&#xD33;&#xD4D;&#x200D;, &#xD2A;&#xD30;&#xD40;&#xD15;&#xD4D;&#xD37;, &#xD35;&#xD3F;&#xD26;&#xD4D;&#xD2F;&#xD3E;&#xD32;&#xD2F;&#xD17;&#xD4D;&#xD30;&#xD28;&#xD4D;&#xD25;&#xD36;&#xD3E;&#xD32;</subfield>
  </datafield>
  <datafield tag="942" ind1=" " ind2=" ">
    <subfield code="c">BK</subfield>
  </datafield>
  <datafield tag="999" ind1=" " ind2=" ">
    <subfield code="c">30073</subfield>
    <subfield code="d">30073</subfield>
  </datafield>
  <datafield tag="952" ind1=" " ind2=" ">
    <subfield code="0">0</subfield>
    <subfield code="1">0</subfield>
    <subfield code="4">0</subfield>
    <subfield code="7">0</subfield>
    <subfield code="a">STCPL</subfield>
    <subfield code="b">STCPL</subfield>
    <subfield code="c">P 500</subfield>
    <subfield code="d">2021-07-10</subfield>
    <subfield code="g">12.10</subfield>
    <subfield code="l">0</subfield>
    <subfield code="o">822 SHA-A</subfield>
    <subfield code="p">42385</subfield>
    <subfield code="r">2021-07-10 00:00:00</subfield>
    <subfield code="w">2021-07-10</subfield>
    <subfield code="y">BK</subfield>
  </datafield>
</record>
